000
00233 a2200097 4500
001
45679
100
_a
Hume D
245
_a
Great books of the western world
260
_a
Chicago
_b
William Benton publisher
_c
090
_c
28858
_d
28858
942
_a
NUST-CAE
_c
M
_c
20955
999
_c
280752
_d
280752